| 000 | 00000nam##2200000za#4500 |
| 001 | 9.698989 |
| 003 | CaOODSP |
| 005 | 20241203113638 |
| 007 | cr ||||||||||| |
| 008 | 150407|2005||||xxc|||||o f|0| 0 eng|d |
| 040 | |aCaOODSP|beng |
| 043 | |an-cn--- |
| 086 | 1 |aEn56-242/2005E-PDF |
| 110 | 1 |aCanada. |bEnvironment Canada. |
| 245 | 10|aClimate change and marine transportation on the St. Lawrence River : |h[electronic resource]|bexploratory study of adaptation options / |c[by] Pierre D'Arcy, Jean-François Bibeault, and Rachid Raffa. |
| 260 | |aOttawa - Ontario : |bEnvironment Canada |c[2005]. |
| 300 | |a159p.|bcoloured figs., coloured maps, graphs, tables, photographs |
| 504 | |aBibliography. |
| 590 | |a14-08-Supp|b2014-04-10 |
| 690 | 07|aClimate change|2gcpds |
| 690 | 07|aWater transport|2gcpds |
| 775 | 08|tChangements climatiques et transport maritime sur le Saint-Laurent : |w(CaOODSP)9.643023 |
| 856 | 40|ahttp://publications.gc.ca|qPDF|s9.47 MB|uhttps://publications.gc.ca/collections/collection_2014/ec/En56-242-2005-eng.pdf |